Famous Places - Statistics

General Stats
  • This quiz has been taken 178 times
  • The average score is 10 of 15
Answer Stats
Picture Answer % Correct
Eiffel Tower
95%
Taj Mahal
86%
Colosseum
75%
Great Wall
74%
Burj Khalifa
73%
Golden Gate Bridge
73%
Statue Of Liberty
73%
Machu Picchu
68%
Mount Rushmore
68%
Sydney Opera House
64%
Easter Island
61%
Mount Fuji
55%
Tower Of Pisa
47%
Acropolis
39%
Brandenburg Gate
34%
No matching quizzes found
Score Distribution
Percent of People with Each Score
Percentile by Number Answered
Your Score History
You have not taken this quiz